| 000 | 01063nac a22002411u 4500 | ||
|---|---|---|---|
| 090 | _c1970 | ||
| 008 | 081015t xxu||||| |||| 00| 0 eng d | ||
| 010 | _a 00066824 | ||
| 020 | _a0072291354 (alk. paper) | ||
| 082 | 0 | 0 |
_a621.31042 _bC3661 |
| 100 | _aChapman, Stephen J. | ||
| 245 | 1 | 0 |
_aElectric machinery and power system fundamentals / _cStephen J. Chapman. |
| 260 |
_aBoston : _bMcGraw-Hill, _cc2002. |
||
| 300 |
_axix, 673 p. : _bill. ; _c24 cm. |
||
| 440 | 0 | _aMcGraw-Hill series in electrical and computer engineering | |
| 504 | _aIncludes bibliographical references and index. | ||
| 650 | 0 | _aElectric machinery. | |
| 650 | 0 | _aElectric power systems. | |
| 856 | 4 | 2 |
_3Publisher description _uhttp://www.loc.gov/catdir/description/mh021/00066824.html |
| 856 | 4 | 2 |
_3Table of contents _uhttp://www.loc.gov/catdir/toc/mh021/00066824.html |
| 942 |
_cBB _k621.31042 _2ddc |
||
| 999 |
_c1970 _d1970 |
||